Statistics for Countries with Three Borders - Harder

Click here to take the quiz!

General Stats

  • This quiz has been taken 83 times
  • The average score is 19 of 27

Answer Stats

continentcountry% Correct
South AmericaChile
89%
South AmericaGuyana
87%
South AmericaSuriname
87%
North AmericaMexico
84%
EuropeNorway
84%
South AmericaParaguay
84%
South AmericaVenezuela
84%
EuropeFinland
81%
AsiaVietnam
76%
North AmericaHonduras
75%
AfricaEgypt
71%
AsiaOman
71%
AsiaCambodia
69%
AsiaIndonesia
69%
AfricaTogo
69%
AfricaGabon
68%
EuropeLuxembourg
67%
AfricaEritrea
65%
Europe
Bosnia and
Herzegovina
64%
AsiaMalaysia
64%
AfricaGhana
61%
AfricaBurundi
60%
AsiaNorth Korea
60%
AfricaSomalia
60%
AfricaDjibouti
57%
AfricaLiberia
57%
AfricaMalawi
53%

Score Distribution

Percentile by Number Answered

Percent of People with Each Score

Your Score History

You have not taken this quiz